000 00820nam a22002057a 4500
999 _c7780
_d7780
003 AR-CdUCM
008 190321b ||||| |||| 00| 0 spa d
040 _aMUNICIPALIDAD PROVINCIAL DEL CUSCO
_cBIBLIOTECA MUNICIPAL DEL CUSCO
082 _a621.38 /
_bP85
100 _aPrensky, Sol D.
_921986
245 _aCurso Superior de Instrumental Electronico /
260 _aArgentina :
_bGLEM S.A.C.C.I.F ,
_c1974.
300 _a229 páginas ;
_c22.5 cm.
505 _aContenido : Acelerometros -- Almacenadores -- Amplificadoes y estabilizadores -- Amplificador Horizontal -- Analogica Computadora -- Ancho de banda -- Audiofrecuencia -- Barrido gatillado...
650 _aIntrumentos Electronicos
_921987
650 _aElectornica
_921988
650 _aCircuitos Electronicos
_921989
942 _2ddc
_cLIBROS
945 _artm